000 00764cam a22002291 4500
999 _c40846
_d40846
001 3586118
003 ARRUPE
005 20190716105910.0
008 711216s1964 cau b 000 0 eng
010 _a 64013470
040 _aDLC
_cDLC
_dDLC
050 0 0 _aH61
_b.K24 1964
082 0 0 _a301.018
100 1 _aKaplan, Abraham,
_d1918-1993.
_933381
245 1 4 _aThe conduct of inquiry;
_bmethodology for behavioral science.
260 _aSan Francisco,
_bChandler Pub. Co.
_c[1964]
300 _axix, 428 p.
_c24 cm.
490 0 _aChandler publications in anthropology and sociology
504 _aBibliography: p. 411-415.
650 0 _aSocial sciences
_xMethodology.
_916965
906 _a7
_bcbc
_corignew
_du
_eocip
_f19
_gy-gencatlg
942 _2lcc
_cMONOGRAPH